| 000 | 00843nam a2200217Ia 4500 | ||
|---|---|---|---|
| 005 | 20250108125139.0 | ||
| 008 | 008 250107s9999 xx 000 0 hin d | ||
| 037 | _aTB | ||
| 040 |
_aCRL _bhin _cCRL |
||
| 041 |
_ahin _2hin |
||
| 084 | _aO111,3N50,15 P0 | ||
| 084 | _qCRL | ||
| 100 | _aअग्रवाल, विजय, संपा. | ||
| 245 | 0 |
_aजिंदगी से लबरेंज: सतीश चन्द्र अग्रवाल _cअग्रवाल, विजय, संपा. |
|
| 260 |
_aप्रसागराज, भारत _bसाहित्य भंडार _c3463 |
||
| 300 | _a280पृ0 | ||
| 365 |
_aINR _b2000 |
||
| 650 |
_aहिन्दी निबंधहिन्दी साहित्य _9729733 |
||
| 942 |
_cTB _hO111,3N50,15 P0 |
||
| 999 |
_c1235851 _d1235851 |
||